[Event "Africa-ch U18 Girls"]
[Site "Windhoek"]
[Date "2019.12.20"]
[Round "7.6"]
[White "Horn, Caro"]
[Black "Uris, Taisha"]
[Result "1/2-1/2"]
[WhiteElo "1113"]
[BlackElo "1021"]
[PlyCount "69"]
[EventDate "2019.12.16"]
[EventType "swiss"]
[EventRounds "9"]
[EventCountry "NAM"]
[SourceTitle "EXT 2024"]
[Source "ChessBase"]
[SourceDate "2023.10.10"]
[SourceVersion "1"]
[SourceVersionDate "2023.10.10"]
[SourceQuality "1"]

1. e4 e5 2. Nf3 Nc6 3. Bc4 Bc5 4. c3 Nf6 5. d4 exd4 6. cxd4 Bb6 7. Nc3 0-0 8. 0-0 Na5 9. Bd3 d6 10. Bg5 c6 11. e5 h6 12. exf6 hxg5 13. Nxg5 Qxf6 14. Nh7 Qh6 15. Nxf8 Kxf8 16. b4 Bxd4 17. Rc1 Be5 18. h3 Qf4 19. g3 Qxb4 20. Ne4 Bxh3 21. Re1 Qd4 22. Bf1 Qxd1 23. Rcxd1 Bxf1 24. Kxf1 Nc4 25. f4 Bf6 26. Nxd6 Nxd6 27. Rxd6 c5 28. g4 Bh4 29. Re4 Be7 30. Rd7 Bf6 31. Rxb7 Bd4 32. Ree7 a5 33. Rxf7+ Kg8 34. Ra7 Rb8 35. Rab7 1/2-1/2

[Event "Africa-ch U18 Girls"]
[Site "Windhoek"]
[Date "2019.12.16"]
[Round "1.4"]
[White "Horn, Caro"]
[Black "Besa, Masaiti"]
[Result "0-1"]
[WhiteElo "1113"]
[BlackElo "1667"]
[PlyCount "77"]
[EventDate "2019.12.16"]
[EventType "swiss"]
[EventRounds "9"]
[EventCountry "NAM"]
[SourceTitle "EXT 2024"]
[Source "ChessBase"]
[SourceDate "2023.10.10"]
[SourceVersion "1"]
[SourceVersionDate "2023.10.10"]
[SourceQuality "1"]

1. e4 c5 2. Nf3 g6 3. d4 cxd4 4. Nxd4 Bg7 5. Nc3 Nc6 6. Nxc6 bxc6 7. Bc4 Qc7 8. Qf3 Nf6 9. 0-0 0-0 10. Bf4 Qb6 11. Rab1 Ba6 12. Bxa6 Qxa6 13. a3 Qb7 14. h3 d5 15. e5 Nd7 16. Rfe1 e6 17. b4 Qc7 18. Na4 Rfc8 19. Nc5 Bxe5 20. Nxd7 Bxf4 21. Nf6+ Kg7 22. Ng4 Bg5 23. Qc3+ Kg8 24. Nf6+ Bxf6 25. Qxf6 Qd8 26. Qd4 Qb6 27. Qd3 Rab8 28. Rec1 c5 29. c4 dxc4 30. Rxc4 Rd8 31. Qc3 cxb4 32. Rbxb4 Qd6 33. Rxb8 Rxb8 34. Rb4 Qe5 35. Qc1 Kg7 36. Rb1 Rb3 37. Qe1 Qxe1+ 38. Rxe1 Rxa3 39. f3 0-1

[Event "Africa-ch U18 Girls"]
[Site "Windhoek"]
[Date "2019.12.16"]
[Round "2.5"]
[White "Wanjala, Dorcus"]
[Black "Horn, Caro"]
[Result "1-0"]
[WhiteElo "1300"]
[BlackElo "1113"]
[PlyCount "97"]
[EventDate "2019.12.16"]
[EventType "swiss"]
[EventRounds "9"]
[EventCountry "NAM"]
[SourceTitle "EXT 2024"]
[Source "ChessBase"]
[SourceDate "2023.10.10"]
[SourceVersion "1"]
[SourceVersionDate "2023.10.10"]
[SourceQuality "1"]

1. e4 e6 2. d4 d5 3. e5 c5 4. c3 Nc6 5. Nf3 f6 6. Bf4 Qb6 7. Qd2 Bd7 8. Be2 cxd4 9. exf6 Nxf6 10. Nxd4 Nxd4 11. cxd4 Bb4 12. Nc3 0-0 13. Be3 Rac8 14. Rc1 Be8 15. 0-0 Bg6 16. Bd3 Bxd3 17. Qxd3 Qd8 18. Bg5 Be7 19. Rce1 Rc6 20. f4 Nh5 21. Bxe7 Qxe7 22. f5 Qe8 23. fxe6 Rxf1+ 24. Kxf1 Rxe6 25. Rxe6 Qxe6 26. Qf3 Nf6 27. Qe2 Qxe2+ 28. Kxe2 Kf7 29. Kf3 a6 30. Kf4 Ke6 31. g4 b5 32. a3 a5 33. Nxb5 Ne4 34. Nc7+ Kd6 35. Ne8+ Kc6 36. b4 axb4 37. axb4 Kb5 38. Ke5 Nc3 39. Nxg7 Kxb4 40. g5 Kc4 41. h4 Ne2 42. Nf5 Nc3 43. h5 Ne4 44. g6 hxg6 45. hxg6 Ng5 46. g7 Nf7+ 47. Kf6 Nd6 48. Nxd6+ Kxd4 49. g8Q 1-0

[Event "Wch U18 Girls"]
[Site "Porto Carras"]
[Date "2018.10.23"]
[Round "5"]
[White "Horn, Caro"]
[Black "Nguyen, Hong Ngoc"]
[Result "0-1"]
[WhiteElo "1133"]
[BlackElo "1861"]
[PlyCount "62"]
[EventDate "2018.10.20"]
[EventType "swiss"]
[EventRounds "11"]
[EventCountry "GRE"]
[SourceTitle "CBM 187 Extra"]
[Source "ChessBase"]
[SourceDate "2018.11.04"]
[SourceVersion "1"]
[SourceVersionDate "2018.11.04"]
[SourceQuality "1"]

1. e4 Nf6 2. e5 Nd5 3. d4 d6 4. c4 Nb6 5. f4 dxe5 6. fxe5 Nc6 7. Nf3 Bg4 8. Be3 Bxf3 9. gxf3 e6 10. Nc3 Be7 11. d5 Nxe5 12. Bf2 Bh4 13. Bg3 Qg5 14. Ne4 Qe3+ 15. Qe2 Bxg3+ 16. hxg3 Nxf3+ 17. Kd1 Qxe2+ 18. Bxe2 Nd4 19. Bd3 exd5 20. cxd5 0-0-0 21. d6 Nf5 22. Kd2 Nxd6 23. Kc3 Na4+ 24. Kb3 Nxe4 25. Bxe4 Nc5+ 26. Kc4 Nxe4 27. g4 c5 28. Rad1 h6 29. Rhe1 Rhe8 30. a3 a6 31. b3 b5# 0-1

[Event "Wch U18 Girls"]
[Site "Porto Carras"]
[Date "2018.10.22"]
[Round "4"]
[White "Dong, Khanh Linh"]
[Black "Horn, Caro"]
[Result "1-0"]
[WhiteElo "1879"]
[BlackElo "1133"]
[PlyCount "55"]
[EventDate "2018.10.20"]
[EventType "swiss"]
[EventRounds "11"]
[EventCountry "GRE"]
[SourceTitle "CBM 187 Extra"]
[Source "ChessBase"]
[SourceDate "2018.11.04"]
[SourceVersion "1"]
[SourceVersionDate "2018.11.04"]
[SourceQuality "1"]

1. d4 d5 2. Nf3 Nf6 3. c4 e6 4. g3 Be7 5. Bg2 0-0 6. 0-0 c5 7. dxc5 Bxc5 8. Bg5 Nbd7 9. cxd5 exd5 10. Nc3 d4 11. Nxd4 h6 12. Bxf6 Nxf6 13. Nb3 Qb6 14. Na4 Bxf2+ 15. Rxf2 Rd8 16. Nxb6 Rxd1+ 17. Rxd1 axb6 18. Rd8+ Kh7 19. e3 b5 20. Rc2 Rxa2 21. Rdxc8 Ra6 22. Nd4 Ra1+ 23. Rc1 Ra2 24. Bf1 Rxb2 25. Bd3+ g6 26. R1c7 Kg7 27. Ne6+ Kh7 28. Rxf7# 1-0

[Event "African Schools-ch U15 Girls"]
[Site "Lusaka"]
[Date "2016.12.11"]
[Round "1.5"]
[White "Besa, Masaiti"]
[Black "Horn, Caro"]
[Result "1-0"]
[WhiteElo "1466"]
[BlackElo "1125"]
[PlyCount "52"]
[EventDate "2016.12.11"]
[EventType "swiss"]
[EventRounds "9"]
[EventCountry "ZAM"]
[SourceTitle "EXT 2024"]
[Source "ChessBase"]
[SourceDate "2023.10.10"]
[SourceVersion "1"]
[SourceVersionDate "2023.10.10"]
[SourceQuality "1"]

1. d4 d5 2. Nf3 Nc6 3. c4 e6 4. e3 Nf6 5. Be2 Be7 6. 0-0 0-0 7. Nc3 a6 8. a3 Rb8 9. Qc2 Qd6 10. c5 Qd7 11. Bd3 h6 12. Re1 b6 13. b4 Re8 14. b5 axb5 15. Bxb5 Bb7 16. Ne5 Qc8 17. Bxc6 Bxc6 18. Nxc6 Ra8 19. Nxe7+ Rxe7 20. Ne2 Ne4 21. f3 Nf6 22. cxb6 cxb6 23. Qxc8+ Rxc8 24. Bd2 Rc2 25. Bb4 Ra7 26. Rac1 Ra2 1-0

[Event "Wch U16 Girls"]
[Site "Khanty-Mansiysk"]
[Date "2016.10.02"]
[Round "10"]
[White "Horn, Caro"]
[Black "Kopcova, Ludmila"]
[Result "0-1"]
[WhiteElo "1229"]
[BlackElo "1798"]
[PlyCount "54"]
[EventDate "2016.09.22"]
[EventType "swiss"]
[EventRounds "11"]
[EventCountry "RUS"]
[SourceTitle "EXT 2017"]
[Source "ChessBase"]
[SourceDate "2016.10.25"]
[SourceVersion "1"]
[SourceVersionDate "2016.10.25"]
[SourceQuality "1"]

1. e4 e5 2. Nf3 Nf6 3. Bc4 Nxe4 4. Nc3 Nxc3 5. dxc3 c6 6. Nxe5 d5 7. Bd3 Bd6 8. Nf3 Qe7+ 9. Be3 Bg4 10. 0-0 0-0 11. Re1 Qf6 12. Be2 h6 13. h3 Bxf3 14. Bxf3 Nd7 15. g3 Rfe8 16. Bg2 a6 17. Qd2 Qg6 18. Bf4 Nc5 19. Rab1 Bxf4 20. Qxf4 Qxc2 21. Qd6 Nd3 22. Rxe8+ Rxe8 23. Rf1 Re1 24. Qb8+ Kh7 25. Rxe1 Qxf2+ 26. Kh2 Nxe1 27. Qf4 Qxg2# 0-1

[Event "Wch U16 Girls"]
[Site "Khanty-Mansiysk"]
[Date "2016.09.25"]
[Round "4"]
[White "Nazarova, Veronika"]
[Black "Horn, Caro"]
[Result "1-0"]
[WhiteElo "1303"]
[BlackElo "1229"]
[PlyCount "107"]
[EventDate "2016.09.22"]
[EventType "swiss"]
[EventRounds "11"]
[EventCountry "RUS"]
[SourceTitle "EXT 2017"]
[Source "ChessBase"]
[SourceDate "2016.10.25"]
[SourceVersion "1"]
[SourceVersionDate "2016.10.25"]
[SourceQuality "1"]

1. e4 e6 2. d4 d5 3. e5 c5 4. c3 Nc6 5. f4 cxd4 6. cxd4 Qa5+ 7. Bd2 Bb4 8. Nf3 Nge7 9. Bd3 h6 10. 0-0 Bd7 11. Nc3 0-0-0 12. Nb5 Bxd2 13. Nxd2 Qb6 14. Nd6+ Kb8 15. Nxf7 Rhf8 16. Nxd8 Qxd4+ 17. Kh1 Qxd3 18. Nxc6+ Bxc6 19. Nb3 Qxd1 20. Raxd1 Bb5 21. Rf2 g5 22. Nd4 Bd7 23. Rdf1 g4 24. Rc1 h5 25. g3 Bc8 26. Nb5 a6 27. Nd6 Bd7 28. Rfc2 Bc6 29. a4 d4+ 30. Kg1 d3 31. Rd2 Bxa4 32. Rxd3 Rd8 33. Rdc3 Bc6 34. b4 Kc7 35. b5 axb5 36. Nxb5+ Kb8 37. Nd6 Nd5 38. Ra3 Nb6 39. Rb1 Kc7 40. Rab3 Nd5 41. Nxb7 Rb8 42. Nc5 Rxb3 43. Nxe6+ Kd7 44. Nc5+ Ke7 45. Nxb3 Nc3 46. Ra1 Ne2+ 47. Kf2 Bf3 48. Nd2 Ke6 49. Nxf3 gxf3 50. Kxf3 Nd4+ 51. Ke4 Nf5 52. Ra6+ Kf7 53. Rf6+ Ke7 54. Kxf5 1-0